Language Quiz

Random Language or Letter Quiz
Score 0/26 Timer 05:00
2 Plays Today
Letter Word % Correct
Mmammoth
94.3%
Ooath
92.5%
Ttooth
92.4%
NNazareth
90.8%
Yyouth
90.5%
Ffilth
90.2%
Ggrowth
89.2%
JJudith
87.6%
Hhearth
87.3%
Uunearth
83.9%
Zzenith
82.6%
Aaftermath
82.2%
EElizabeth
82.2%
Letter Word % Correct
DDartmouth
81.2%
Llabyrinth
79.2%
Wwreath
75.8%
Sstealth
72.2%
Rrebirth
70.9%
Bbreadth
69.4%
Qquoth
68.3%
Ccommonwealth
57%
Iinterfaith
52.8%
Vvermouth
52.2%
Kkith
43.3%
Ppolymath
26.3%
XXanth
14.7%
Remove Ads.
Support Sporcle.
Get the best of Sporcle when you Go Orange. This ad-free experience offers more features, more stats, and more fun while also helping to support Sporcle. Thank you for becoming a member.

You're not logged in!

Compare scores with friends on all Sporcle quizzes.
OR
Log In

Show Comments

Extras

Top Quizzes Today


Score Distribution

Your Account Isn't Verified!

In order to create a playlist on Sporcle, you need to verify the email address you used during registration. Go to your Sporcle Settings to finish the process.

Report this User

Report this user for behavior that violates our Community Guidelines.

Details: